Online
Catalog

Trujillo / : (Record no. 30019)

MARC details
000 -CABECERA
campo de control de longitud fija 00676nam a2200193 a 4500
001 - NÚMERO DE CONTROL
campo de control 000030527
005 - FECHA Y HORA DE LA ÚLTIMA TRANSACCIÓN
campo de control 20240409073642.0
008 - DATOS DE LONGITUD FIJA--INFORMACIÓN GENERAL
campo de control de longitud fija 110523t1976 dr ac 001 0bspa d
040 ## - FUENTE DE LA CATALOGACIÓN
Centro catalogador/agencia de origen DO-SdBNP
Lengua de catalogación spa
Centro/agencia transcriptor BNPHU
082 ## - NÚMERO DE LA CLASIFICACIÓN DECIMAL DEWEY
Número de clasificación 923.17293
Número de documento/Ítem T866g
100 1# - ENTRADA PRINCIPAL--NOMBRE DE PERSONA
Nombre de persona Gimbernard Pellerano, Jacinto,
Fechas asociadas al nombre 1931-
9 (RLIN) 23303
245 10 - MENCIÓN DE TÍTULO
Título Trujillo / :
Resto del título Jacinto Gimbernard.
260 ## - PUBLICACIÓN, DISTRIBUCIÓN, ETC.
Lugar de publicación, distribución, etc. Santo Domingo :
Nombre del editor, distribuidor, etc. Cultural Dominicana,
Fecha de publicación, distribución, etc. 1976.
300 ## - DESCRIPCIÓN FÍSICA
Extensión 223 p. ;
Dimensiones 31 cm.
504 ## - NOTA DE BIBLIOGRAFÍA, ETC.
Nota de bibliografía, etc. Incluye referencias bibliográficas y notas al pie de las páginas.
590 ## - NOTA LOCAL (RLIN)
Nota local Inventariado, 2020/BT
600 10 - PUNTO DE ACCESO ADICIONAL DE MATERIA--NOMBRE DE PERSONA
Nombre de persona Trujillo Molina, Rafael Leónidas,
Fechas asociadas al nombre 1891-1961
9 (RLIN) 76764
910 ## - DATOS DE OPCIÓN DEL USUARIO (OCLC)
Datos de opción del usuario Validado. Control de calidad EMS.
Holdings
Estado de retiro Estado de pérdida Restricciones de uso No para préstamo Código de colección Localización permanente Ubicación/localización actual Ubicación en estantería Fecha de adquisición Número de inventario Total de préstamos Signatura topográfica completa Código de barras Fecha visto por última vez Número de copia Precio válido a partir de Tipo de ítem Koha Nota pública
        Dominicana de Servicio General General Depósito 08.08.2011 LF1   923.17293 T866g 30527-30 25.06.2020 e.3 25.06.2020 Libro y Folleto Colección Dominicana de Servicio Autografiado por el autor a José Ernesto García Aybar.
        Dominicana de Servicio General General Depósito 16.07.2013 LF1   923.17293 T866g 30527-40 25.06.2020 e.4 25.06.2020 Libro y Folleto Colección Dominicana de Servicio  
      Excluido de préstamo Patrimonio Dominicano Patrimonio Dominicano Patrimonio Dominicano Depósito 23.05.2011 LF1   923.17293 T866g 30527-10 25.06.2020   25.06.2020 Libro y Folleto Colección Patrimonio Dominicano Perteneció a la biblioteca personal de Juan Isidro Jimenes Grullón.
      Excluido de préstamo Patrimonio Dominicano Patrimonio Dominicano Patrimonio Dominicano Depósito 04.08.2011 LF1   923.17293 T866g 30527-20 25.06.2020 e.2 25.06.2020 Libro y Folleto Colección Patrimonio Dominicano Perteneció a la biblioteca personal de German E. Ornes.

Powered by Koha